000 00902nam a2200289 i 4500
003 DO-SdBNP
005 20250211072308.0
007 ta
008 211019e2017 dr |||||r|||| 001 edspa d
020 _a9781365740022
040 _aDO-SdBNP
_bspa
_cBNPHU
_erda
041 _hspa
082 4 _aRD863.44
_bR696n
_222
100 1 _aRodríguez Soriano, René,
_d1950-
_eautor
_4aut.
_9232
245 1 0 _aNo les guardo rencor, papá /
_cRené Rodríguez Soriano.
264 _aSanto Domingo :
_bEditora Santuario,
_c2017.
300 _a73 páginas ;
_c23 cm.
336 _atexto
_btxt
_2rdacontent
337 _asin mediación
_bn
_2rdamedia
338 _avolumen
_bnc
_2rdacarrier
500 _aIncluye datos biográficos del autor en las solapas
590 _aInventariado, 2024/BT
650 4 _aCuentos dominicanos
_980264
650 4 _aLiteratura dominicana.
_980265
910 _aBT
942 _2ddc
_cLBS1
999 _c50773
_d50773